00726cam a22002057a 4500003000500000005001700005008004100022010001000063011001000073035001000083040000900093110005000102245008000152260003700232300002700269490008100296650003100377650003100408830008100439CHAP20220817041751.0971013s1974 r 00010 d a23823 a24795 a28895 cCHAP aComisión Nacional de Fruticultura. México13aEl comercio de frutas entre México y los Estados Unidos de Norteamérica aMéxico, D. F. :b(s.e.),c1974 a31 p.b: ilus. ; tabas 0aComisión Nacional de Fruticultura. México. Serie especial. Folletov; 1504aMéxicoxComerciozE.U.A.14aFrutaxMercadeoxMéxico.0 aComisión Nacional de Fruticultura. México. Serie especial. Folletov; 15